000
00269nam a2200097Ia 4500
005
20251222144918.0
008
251222s9999||||xx |||||||||||||| ||spa||
082
_a
372.357/C46
245
0
_a
Viva la ciudad: Guía de educación ambiental para escuelas urbanas
942
_c
LIB
999
_c
22624
_d
22624